000
00325nam a22001337a 4500
008
171226b xxu||||| |||| 00| 0 eng d
020
_a
9780838514474
041
_a
eng
080
_a
618
100
_a
10
101
_a
GJI
245
_a
Current Obstetric & Gynecologic Diagnosis & Treatment
_c
Pernoll, M.L
942
_2
udc
_c
BK
999
_c
39387
_d
39387